町域クイズ - 大阪市 - Statistics

General Stats
  • This quiz has been taken 25 times
  • The average score is 120 of 589
Answer Stats
町域
(丁目・番地を除く)
% Correct
鶴橋
93%
梅田
93%
天満
93%
谷町
93%
難波
93%
関目
87%
長居
87%
玉造
87%
日本橋
87%
鶴見
87%
喜連
87%
福島
87%
桃谷
80%
中津
80%
中之島
80%
野江
80%
住之江
80%
住吉
80%
寺田町
80%
天下茶屋
80%
平野区 瓜破
80%
天神橋
73%
西九条
73%
我孫子
73%
大阪城
73%
本町
73%
73%
横堤
73%
九条
73%
野田
73%
高殿
67%
天満橋
67%
成育
67%
森之宮
67%
北浜
67%
四天王寺
67%
大国
67%
阿波座
67%
中野
67%
淡路
67%
弁天
67%
今市
60%
清水
60%
新森
60%
昭和町
60%
扇町
60%
南森町
60%
桜島
60%
蒲生
60%
古市
60%
上本町
60%
浪速区 芦原
60%
桜川
60%
西区 安治川
60%
千代崎
60%
太子
60%
60%
御幣島
60%
駒川
60%
田辺
60%
福島区 海老江
60%
西中島
60%
大宮
53%
千林
53%
太子橋
53%
森小路
53%
文の里
53%
小路
53%
中崎
53%
杉本
53%
松屋町
53%
岸里
53%
上新庄
53%
柴島
53%
下新庄
53%
淀川区 加島
53%
美章園
47%
芝田
47%
曽根崎
47%
鶴町
47%
東三国
47%
帝塚山
40%
大淀北
40%
大淀中
40%
茶屋町
40%
西天満
40%
伝法
40%
夢洲中
40%
夢洲東
40%
粉浜
40%
久太郎町
40%
茨田大宮
40%
木津川
40%
西成区
40%
萩之茶屋
40%
杭全
40%
東淀川区 相川
40%
井高野
40%
玉川
40%
塚本
40%
巽北
33%
巽南
33%
大淀南
33%
堂島
33%
東天満
33%
此花区 朝日
33%
南港北
33%
南港中
33%
南港南
33%
上町
33%
難波千日前
33%
徳庵
33%
難波中
33%
湊町
33%
立売堀
33%
津守
33%
33%
中島
33%
姫島
33%
住道矢田
33%
矢田
33%
玉津
33%
瑞光
33%
豊里
33%
東中島
33%
片町
33%
西三国
33%
阿倍野筋
27%
北加賀屋
27%
大手前
27%
北久宝寺町
27%
心斎橋筋
27%
千日前
27%
道頓堀
27%
西心斎橋
27%
東心斎橋
27%
南久宝寺町
27%
逢阪
27%
悲田院町
27%
西本町
27%
千舟
27%
東住吉区 今川
27%
針中野
27%
東成区 大今里
27%
内代町
27%
十三東
27%
旭区 赤川
20%
万代
20%
松崎町
20%
巽西
20%
巽東
20%
大深町
20%
豊崎
20%
北港
20%
中央
20%
20%
南港東
20%
南加賀屋
20%
大正区 泉尾
20%
北村
20%
千島
20%
南恩加島
20%
中央区 安土町
20%
城見
20%
道修町
20%
平野町
20%
法円坂
20%
南船場
20%
南本町
20%
20%
味原本町
20%
下味原町
20%
大道
20%
元町
20%
北堀江
20%
土佐堀
20%
南堀江
20%
北津守
20%
南津守
20%
西淀川区 歌島
20%
出来島
20%
長居公園
20%
神路
20%
東小橋
20%
菅原
20%
長吉長原
20%
都島本通
20%
宮原
20%
旭町
13%
北畠
13%
阪南町
13%
生野区 生野西
13%
生野東
13%
巽中
13%
林寺
13%
菅原町
13%
曽根崎新地
13%
兎我野町
13%
堂山町
13%
中崎西
13%
本庄西
13%
本庄東
13%
四貫島
13%
高見
13%
梅香
13%
城東区 今福西
13%
今福東
13%
今福南
13%
中浜
13%
永田
13%
放出西
13%
東中浜
13%
住之江区 安立
13%
中加賀屋
13%
西加賀屋
13%
住吉区 浅香
13%
苅田
13%
清水丘
13%
北恩加島
13%
三軒家西
13%
三軒家東
13%
船町
13%
淡路町
13%
安堂寺町
13%
内淡路町
13%
内平野町
13%
高麗橋
13%
島之内
13%
宗右衛門町
13%
農人橋
13%
備後町
13%
龍造寺町
13%
鶴見区 今津北
13%
今津中
13%
今津南
13%
中茶屋
13%
放出東
13%
諸口
13%
焼野
13%
安田
13%
緑地公園
13%
天王寺区 味原町
13%
生玉町
13%
生玉寺町
13%
生玉前町
13%
上之宮町
13%
小橋町
13%
勝山
13%
空堀町
13%
北河堀町
13%
真田山町
13%
真法院町
13%
玉造本町
13%
玉造元町
13%
茶臼山町
13%
筆ケ崎町
13%
舟橋町
13%
南河堀町
13%
夕陽丘町
13%
塩草
13%
浪速西
13%
浪速東
13%
京町堀
13%
新町
13%
千本北
13%
千本中
13%
千本南
13%
玉出中
13%
鶴見橋
13%
天神ノ森
13%
出城
13%
長橋
13%
福町
13%
北田辺
13%
東田辺
13%
南田辺
13%
湯里
13%
大今里西
13%
大今里南
13%
深江北
13%
深江南
13%
西淡路
13%
東淡路
13%
加美北
13%
加美西
13%
加美東
13%
加美南
13%
長吉長原西
13%
長吉長原東
13%
平野北
13%
平野本町
13%
平野南
13%
大開
13%
吉野
13%
磯路
13%
市岡
13%
築港
13%
波除
13%
友渕町
13%
新北野
13%
十三本町
13%
十八条
13%
西宮原
13%
生江
7%
中宮
7%
阿倍野区 相生通
7%
阿倍野元町
7%
王子町
7%
共立通
7%
三明町
7%
晴明通
7%
天王寺町北
7%
天王寺町南
7%
長池町
7%
西田辺町
7%
橋本町
7%
播磨町
7%
松虫通
7%
丸山通
7%
桃ケ池町
7%
勝山北
7%
勝山南
7%
舎利寺
7%
小路東
7%
新今里
7%
田島
7%
中川
7%
中川西
7%
中川東
7%
北区 池田町
7%
浮田
7%
角田町
7%
神山町
7%
菅栄町
7%
黒崎町
7%
紅梅町
7%
国分寺
7%
小松原町
7%
末広町
7%
太融寺町
7%
鶴野町
7%
天神西町
7%
同心
7%
堂島浜
7%
長柄中
7%
長柄西
7%
長柄東
7%
浪花町
7%
錦町
7%
野崎町
7%
万歳町
7%
樋之口町
7%
松ケ枝町
7%
南扇町
7%
山崎町
7%
与力町
7%
梅町
7%
春日出北
7%
春日出中
7%
春日出南
7%
島屋
7%
常吉
7%
酉島
7%
北港白津
7%
北港緑地
7%
新喜多
7%
新喜多東
7%
鴫野西
7%
鴫野東
7%
諏訪
7%
天王田
7%
北島
7%
粉浜西
7%
柴谷
7%
新北島
7%
西住之江
7%
浜口西
7%
浜口東
7%
東加賀屋
7%
平林北
7%
平林南
7%
御崎
7%
緑木
7%
我孫子西
7%
我孫子東
7%
上住吉
7%
遠里小野
7%
沢之町
7%
墨江
7%
千躰
7%
大領
7%
帝塚山中
7%
帝塚山西
7%
帝塚山東
7%
殿辻
7%
長居西
7%
長居東
7%
長峡町
7%
庭井
7%
万代東
7%
東粉浜
7%
南住吉
7%
山之内
7%
山之内元町
7%
小林西
7%
小林東
7%
平尾
7%
和泉町
7%
糸屋町
7%
今橋
7%
上汐
7%
上本町西
7%
内久宝寺町
7%
内本町
7%
大手通
7%
瓦町
7%
瓦屋町
7%
神崎町
7%
北新町
7%
北浜東
7%
高津
7%
粉川町
7%
石町
7%
材木町
7%
島町
7%
城見MIDタワー
7%
城見JYOタワー
7%
城見松下IMPビル
7%
十二軒町
7%
船場中央
7%
釣鐘町
7%
天満橋京町
7%
東平
7%
常盤町
7%
徳井町
7%
中寺
7%
博労町
7%
馬場町
7%
東高麗橋
7%
伏見町
7%
船越町
7%
本町橋
7%
松屋町住吉
7%
南新町
7%
森ノ宮中央
7%
鎗屋町
7%
石ケ辻町
7%
餌差町
7%
空清町
7%
烏ケ辻
7%
北山町
7%
国分町
7%
小宮町
7%
細工谷
7%
下寺町
7%
清水谷町
7%
城南寺町
7%
東上町
7%
堂ケ芝
7%
東高津町
7%
堀越町
7%
松ケ鼻町
7%
伶人町
7%
六万体町
7%
稲荷
7%
恵美須西
7%
恵美須東
7%
戎本町
7%
久保吉
7%
幸町
7%
敷津西
7%
敷津東
7%
下寺
7%
立葉
7%
日本橋西
7%
日本橋東
7%
靱本町
7%
江戸堀
7%
江之子島
7%
川口
7%
九条南
7%
境川
7%
本田
7%
岸里東
7%
北開
7%
山王
7%
潮路
7%
聖天下
7%
7%
玉出西
7%
玉出東
7%
天下茶屋北
7%
天下茶屋東
7%
中開
7%
花園北
7%
花園南
7%
梅南
7%
南開
7%
大野
7%
大和田
7%
柏里
7%
竹島
7%
西島
7%
野里
7%
花川
7%
姫里
7%
百島
7%
今林
7%
桑津
7%
公園南矢田
7%
鷹合
7%
照ケ丘矢田
7%
西今川
7%
山坂
7%
中道
7%
中本
7%
東今里
7%
東中本
7%
大隅
7%
北江口
7%
小松
7%
大桐
7%
大道南
7%
豊新
7%
南江口
7%
瓜破西
7%
瓜破東
7%
瓜破南
7%
加美鞍作
7%
加美正覚寺
7%
喜連西
7%
喜連東
7%
背戸口
7%
長吉川辺
7%
長吉出戸
7%
長吉六反
7%
流町
7%
西脇
7%
平野市町
7%
平野上町
7%
平野西
7%
平野馬場
7%
平野東
7%
平野宮町
7%
平野元町
7%
鷺洲
7%
港区 池島
7%
石田
7%
市岡元町
7%
海岸通
7%
港晴
7%
田中
7%
福崎
7%
三先
7%
南市岡
7%
八幡屋
7%
夕凪
7%
都島区 網島町
7%
毛馬町
7%
善源寺町
7%
高倉町
7%
大東町
7%
中野町
7%
東野田町
7%
都島北通
7%
都島中通
7%
都島南通
7%
御幸町
7%
木川西
7%
木川東
7%
十三元今里
7%
田川
7%
田川北
7%
新高
7%
野中北
7%
野中南
7%
三国本町
7%
三津屋北
7%
三津屋中
7%
三津屋南
7%
阿倍野筋あべのハルカス
7%
天満橋OAPタワー
7%
中之島中之島ダイビル
7%
城見クリスタルタワー
7%
大淀中梅田スカイビル タワーイースト
7%
大淀中梅田スカイビル タワーウエスト
7%
No matching quizzes found
Score Distribution
Percent of People with Each Score
Percentile by Number Answered
Your Score History
You have not taken this quiz